| 000 | 01040cam a22003257a 4500 | ||
|---|---|---|---|
| 003 | CHAP | ||
| 005 | 20220329133337.0 | ||
| 008 | 971013s1990 r 00010 d | ||
| 010 | _a5194 | ||
| 011 | _a6166 | ||
| 035 | _a5386 | ||
| 040 | _cCHAP | ||
| 090 | _aFolleto 13834 | ||
| 100 | 0 | 0 |
_aCurran, Teresa M. _930535 |
| 245 | 1 | 4 | _aThe theory and practice of agricultural policy |
| 260 |
_aWashington, D.C. : _bInternational Bank for Reconstruction and Development, _c1990 |
||
| 300 | _a36 p. | ||
| 500 | _a56-141 | ||
| 590 |
_aBATCH-UPD _b10 _c20130110 _lUCH01 _h1141 |
||
| 590 |
_aBATCH-UPD _b10 _c20130410 _lUCH01 _h0727 |
||
| 590 |
_aBATCH-UPD _b10 _c20130913 _lUCH01 _h2251 |
||
| 590 |
_aBATCH-UPD _b10 _c20130914 _lUCH01 _h1927 |
||
| 590 |
_aCONVERSION _b10 _c20130109 _lUCH01 _h1304 |
||
| 650 | 1 | 4 |
_aAgricultura y Estado. _92035 |
| 650 | 1 | 4 |
_aPolítica agrícola. _990283 |
| 710 | 0 |
_aBanco Internacional de Reconstrucción y Fomento. _99848 |
|
| 901 | _aBK | ||
| 942 | _cFOLL | ||
| 949 |
_aFolleto 13834 _bBC _cFOLL _d-14959 _eTS1 _i5386 _si |
||
| 999 |
_c5194 _d5194 |
||